000 00465nam a2200205Ia 4500
005 20250425162447.0
008 250425s9999 xx 000 0 und d
020 _a3540559558
041 _aeng
082 _a574.92
245 0 _aPLANKTON REGULATION DYNAMICS
250 _aS.E.
260 _aEstados Unidos
_bSPRINGER-VERLAG
_c1993
260 _aNEW YORK
300 _a308
650 _aBIOLOGIA
650 _aPLANCTON
942 _c01
010 _a75596
999 _c229693
_d229693